00373nam a2200145Ia 4500008004100000040001900041041001200060082002000072100001800092245003200110260003000142300002300172650001400195850001800209131103s9999 xx 000 0 und d aLoreto College aEnglish a920/BAKbLCLIB/ aBaker, Gladys aI had to knowcGladys Baker aNew yorkbAppletonc[19?] avii,309p. c 22cm. aBiography aLCLIB/920/BAK